LIBRARY & INFORMATION CENTRE, KCAET, TAVANUR

ONLINE PUBLIC ACCESS CATALOGUE (OPAC)

Guide to Practical Project Appraisal: Social Benefit-Cost Analysis in Developing Countries (Record no. 8559)

MARC details
000 -LEADER
fixed length control field 00464cam a2200145ua 4500
003 - CONTROL NUMBER IDENTIFIER
control field OSt
008 - FIXED-LENGTH DATA ELEMENTS--GENERAL INFORMATION
fixed length control field 240223b |||||||| |||| 00| 0 eng d
041 ## - LANGUAGE CODE
Language code of text/sound track or separate title eng
082 ## - DEWEY DECIMAL CLASSIFICATION NUMBER
Classification number 658.404
Item number UNI/GU
245 ## - TITLE STATEMENT
Title Guide to Practical Project Appraisal: Social Benefit-Cost Analysis in Developing Countries
260 ## - PUBLICATION, DISTRIBUTION, ETC. (IMPRINT)
Place of publication New Delhi :
Name of publisher Oxford & IBH Publishing company ,
Year of publication 1978.
300 ## - PHYSICAL DESCRIPTION
Number of Pages 121 ; .
500 ## - GENERAL NOTE
General note United Nations Industrial Development Organization
942 ## - ADDED ENTRY ELEMENTS (KOHA)
Koha item type Books
Holdings
Withdrawn status Lost status Damaged status Collection code Home library Current library Shelving location Date acquired Full call number Accession Number Koha item type
      Non-fiction KAUAET KAUAET General Stacks 01/09/1986 658.404 UNI/GU 15540 Books
free website counter